000 00470nam a2200145Ia 4500
001 4596
008 241024s9999 xx 000 0 und d
082 _aRD/370.97293/IN56in/2016
100 _aRepública Dominicana. Instituto Dominicano por la Educación de Calidad IDEC
245 0 _aInforme de Sistematización. Iniciativa Dominicana por una educación de calidad
260 _bSanto Domingo
_c2016
590 _asi
901 _a8/3/2017 11:36:37 a.m.
999 _c9141
_d9141